Septuagésima, sexagésima, quincuagésima, San José / (Record no. 38178)

MARC details
000 -LEADER
campo de control de longitud fija 00631nam a2200181 i 4500
001 - NÚMERO DE CONTROL
campo de control 38178
003 - IDENTIFICADOR DE NÚMERO DE CONTROL
campo de control ES-MaACL
005 - FECHA Y HORA DE LA ÚLTIMA TRANSACCIÓN
campo de control 20230906155719.0
007 - CAMPO FIJO DE DESCRIPCIÓN FÍSICA--INFORMACIÓN GENERAL
campo de control de longitud fija t|
008 - DATOS DE LONGITUD FIJA--INFORMACIÓN GENERAL
campo de control de longitud fija 030224s1968 sp ||||1| spa d
100 1# - ENTRADA PRINCIPAL--NOMBRE DE PERSONA
Nombre de persona Cabestrero, Teófilo.
9 (RLIN) 33189
245 10 - MENCIÓN DEL TÍTULO
Título Septuagésima, sexagésima, quincuagésima, San José /
Mención de responsabilidad, etc. Teófilo Cabestrero ; con la colaboración de Santiago García y María Pilar de la Figuera.
260 ## - PUBLICACIÓN, DISTRIBUCIÓN, ETC.
Lugar de publicación, distribución, etc. [Madrid :
Nombre del editor, distribuidor, etc. s.n.,
Fecha de publicación, distribución, etc. 1968] (
Fabricante Marsiega)
300 ## - DESCRIPCIÓN FÍSICA
Extensión 60 p. ;
Dimensiones 20 cm.
700 1# - ENTRADA AGREGADA--NOMBRE PERSONAL
Nombre de persona García, Santiago.
9 (RLIN) 54096
700 1# - ENTRADA AGREGADA--NOMBRE PERSONAL
Nombre de persona Figuera, María Pilar de la.
9 (RLIN) 50753
852 ## - LOCALIZACIÓN
Ubicación ES-MaACL
Número de control de estantería 2060-F-12
Sublocalización o colección R.65365
Holdings
Estatus retirado Estado de pérdida Estado de daño No para préstamo Colección Biblioteca de origen Biblioteca actual Ubicación en estantería Fecha de adquisición Fuente de adquisición Total de préstamos Signatura topográfica completa Código de barras Visto por última vez Precio de reemplazo Tipo de ítem Koha
        Colección de folletos Biblioteca del Ateneo de Madrid Biblioteca del Ateneo de Madrid Depósito folletos 17/01/2008     2060-F-12 1040190 23/02/2023 23/02/2023 Folleto